South Eastern Kenya University

Library Online Public Access Catalogue


National poverty eradication plan. (Record no. 17631)

MARC details
000 -LEADER
fixed length control field 00714cam a2200241 a 4500
001 - CONTROL NUMBER
control field 11828783
003 - CONTROL NUMBER IDENTIFIER
control field OSt
005 - DATE AND TIME OF LATEST TRANSACTION
control field 20190701130449.0
008 - FIXED-LENGTH DATA ELEMENTS--GENERAL INFORMATION
fixed length control field 990628s1999 ke f000 0 eng
010 ## - LIBRARY OF CONGRESS CONTROL NUMBER
LC control number 99890991
035 ## - SYSTEM CONTROL NUMBER
System control number (DLC) 99890991
040 ## - CATALOGING SOURCE
Original cataloging agency SEKU
050 00 - LIBRARY OF CONGRESS CALL NUMBER
Classification number HC 865 .Z9
Item number k46
110 1# - MAIN ENTRY--CORPORATE NAME
Corporate name or jurisdiction name as entry element Kenya.
245 10 - TITLE STATEMENT
Title National poverty eradication plan.
260 ## - PUBLICATION, DISTRIBUTION, ETC. (IMPRINT)
Place of publication, distribution, etc. [Nairobi] :
Name of publisher, distributor, etc. Republic of Kenya, Office of the President, Dept. of Development Co-ordination,
Date of publication, distribution, etc. [1999]
300 ## - PHYSICAL DESCRIPTION
Extent 99p.
500 ## - GENERAL NOTE
General note "1999-2015"--Cover.
650 #0 - SUBJECT ADDED ENTRY--TOPICAL TERM
Topical term or geographic name as entry element Economic assistance, Domestic
Geographic subdivision Kenya.
650 #0 - SUBJECT ADDED ENTRY--TOPICAL TERM
Topical term or geographic name as entry element Poverty
Geographic subdivision Kenya.
710 1# - ADDED ENTRY--CORPORATE NAME
Corporate name or jurisdiction name as entry element Kenya.
Subordinate unit Department of Development Co-ordination.
942 ## - ADDED ENTRY ELEMENTS (KOHA)
Source of classification or shelving scheme Library of Congress Classification
Koha item type General circulation
Holdings
Withdrawn status Lost status Source of classification or shelving scheme Damaged status Not for loan Home library Current library Shelving location Date acquired Total Checkouts Full call number Barcode Date last seen Price effective from Koha item type
    Library of Congress Classification     Main Campus Library Main Campus Library General Stacks 01/07/2019   HC 865 .Z9 k46 4426 01/07/2019 01/07/2019 General circulation
Kitui, Kenya.
+254736116989
library@seku.ac.ke